Statistics for Mountain & Moorland Horse Breeds

Click here to take the quiz!

General Stats

  • This quiz has been taken 22 times
  • The average score is 8 of 12

Answer Stats

Answer% Correct
Shetland
90%
Exmoor
80%
Dartmoor
75%
Highland
70%
Welsh Section C
65%
Dales
60%
Fell
60%
Welsh Section A
60%
Welsh Section B
60%
Welsh Section D
60%
Connemara
55%
New Forest
50%

Score Distribution

Percentile by Number Answered

Percent of People with Each Score

Your Score History

You have not taken this quiz